Random People by their Death - Statistics

General Stats
  • This quiz has been taken 946 times
  • The average score is 11 of 18
Answer Stats
Year Place Cause Answer % Correct
33 Israel Crucifixion Jesus Christ
98%
1997 Paris Car Crash Princess Diana
95%
44 B.C Rome Assassination Julius Caesar
93%
1945 Berlin Suicide Adolf Hitler
92%
1963 Dallas Assassination John F. Kennedy
91%
30 B.C Alexandria Snake Bite Cleopatra
87%
1934 France Radiation Marie Curie
86%
1945 Italy Execution Benito Mussolini
85%
1914 Sarajevo Assassination Franz Ferdinand
84%
1431 France Burned at the Stake Joan of Arc
84%
1948 New Delhi Assassination Mahatma Gandhi
84%
1865 Washington D.C Assassination Abraham Lincoln
82%
1953 Moscow Stroke Joseph Stalin
82%
2016 Havana Natural Causes Fidel Castro
81%
2006 Baghdad Hanging Saddam Hussein
81%
2013 Johannesburg Respiratory Infection Nelson Mandela
80%
1924 Russia Stoke Vladimir Lenin
80%
1984 New Delhi Assassination Indira Gandhi
78%
1937 Pacific Ocean Plane Crash Amelia Earhart
74%
2011 Pyongyang Heart Attack Kim Jong-il
74%
1968 Memphis Assassination Martin Luther King Jr.
74%
2006 Australian Coast Stingray Steve Irwin
74%
1977 Memphis Heart Attack Elvis Presley
73%
1793 Paris Guillotine Marie Antoinette/King Louis XVI
72%
1821 Saint Helena Stomach Ulcer Napoleon
71%
2011 Libya Execution Muammar Gaddafi
70%
1996 Las Vegas Gunshot Tupac Shakur
69%
1779 Hawaii Murdered James Cook
66%
1994 Seattle Suicide Kurt Cobain
66%
1980 New York City Assassination John Lennon
65%
1976 Beijing Heart Attack Mao Zedong
65%
1536 London Beheading Anne Boleyn
64%
634 Medina Fever Muhammad
64%
2009 Los Angeles Drug Overdose Michael Jackson
63%
1227 Western China Battle Wounds Genghis Khan
62%
1918 Yekaterinburg, Russia Execution Nicholas II
60%
1804 New York City Duel Alexander Hamilton
57%
1916 St. Petersburg Assassination Rasputin
53%
1876 Little Bighorn Gunshot George Custer
49%
1952 Buenos Aires Cancer Eva Peron
46%
1991 London AIDS Freddy Mercury
46%
1606 London Hanging Guy Fawkes
45%
1940 Mexico City Assassination Leon Trotsky
45%
1827 Vienna Illness Ludwig Van Beethoven
45%
30 B.C Alexandria Suicide by Stabbing Mark Antony
45%
2011 Abbottabad Gunshot Osama Bin Laden
43%
1941 New York ALS Lou Gehrig
42%
1830 Colombia Tuberculosis Simon Bolivar
41%
1794 Paris Guillotine Robespierre
40%
2011 Palo Alto Pancreas Cancer Steve Jobs
40%
1826 Monticello Illness Thomas Jefferson
35%
1901 Isle of Wight Stroke Queen Victoria
34%
2012 Beverly Hills Drowning Whitney Houston
33%
1999 Atlantic Ocean Plane Crash John F Kennedy Jr.
32%
2007 Rawalpindi, Pakistan Assassination Benazir Bhutto
30%
1611 Northern Canada Mutiny Henry Hudson
19%
2001 Los Angeles Lung Cancer George Harrison
4%
759 B.C Carthage Suicide Queen Dido
4%
2018 Los Angeles Heart Failiure Stan Lee
4%
~64 Rome Decapitation Saint Paul
2%
No matching quizzes found
Score Distribution
Percent of People with Each Score
Percentile by Number Answered
Your Score History
You have not taken this quiz